000 01167nam0a22003371 4500
001 v19\rc\2037163
005 20251118181554.5
035 _a(NLR Aleph) 005115248
090 _a7536092
_c7536092
100 _a20080925d1917 u y0rusy50 ca
101 0 _arus
102 _aRU
105 _ay j |||||
200 1 _aВеселая грамматика для малышей
_e(Курс азбуч. и млад. приготовит. кл.)
_eСост. на основании восьмилет. опыта знаний по эксперим. методу
_fА.К. Мединская
210 _aКоканд
_cтипо-лит. И.И. Вайнер
_d1917
215 _aIV, 91 с.
_d22
309 _aБез тит. л.
532 1 3 _aВеселая грамматика для малышей
700 1 _aМединская
_bА.К.
801 0 _aRU
_bNLR
_gpsbo
801 0 _aRU
_bRuMoRGB
_2psbo
801 1 _aRU
_bProSoft-M
_2rusmarc
852 _aRuMoRGB
_jЯ 64/16
852 _aRuMoRGB
_jЯ 16/2012
852 _aБАН
899 _aRuMoRGB
_jЯ 16/2012
899 _aБАН
899 _aRuMoRGB
_jЯ 64/16
942 _cBOOK
980 _aNB